| 000 | 00461nam a22001817a 4500 | ||
|---|---|---|---|
| 999 |
_c12163 _d12163 |
||
| 008 | 220609b 2015 ||||| |||| 00| 0 eng d | ||
| 020 | _a9780070151314 | ||
| 082 |
_a621.4021 _bNAG |
||
| 100 | _aNag, P. K. | ||
| 245 | _aBasic and applied thermodynamics | ||
| 250 | _a2nd ed. | ||
| 260 |
_aNew Delhi _bMcGraw Hill _c2015 |
||
| 300 | _axiv, 846p. | ||
| 650 | _aWork and heat transfer | ||
| 650 | _aEntropy | ||
| 650 | _aReactive Systems | ||
| 942 | _cGB | ||